Teacher's Manual for Marketing Management Analytic Exercises with Lotus 1-2-3

Salvato in:
Dettagli Bibliografici
Autore principale: Lilien, Gary L.
Natura: Libro
Lingua:inglese
Pubblicazione: Redwood City The Scientific Press 1988
Edizione:1. ed.
Soggetti:
Tags: Aggiungi Tag
Nessun Tag, puoi essere il primo ad aggiungerne!!

MARC

LEADER 00000nam a2200000 4500
001 c012439
005 20221206134607.2
020 |a 0-89426-147-9 
041 0 |a eng 
044 |a US 
245 1 0 |a Teacher's Manual for Marketing Management  |b Analytic Exercises with Lotus 1-2-3  |c Gary L. Lilien 
250 |a 1. ed. 
264 1 |a Redwood City  |b The Scientific Press  |c 1988 
300 |a 165 s. 
610 2 0 |a marketing 
610 2 0 |a manažment 
610 2 0 |a využitie počítačov 
610 2 0 |a správanie 
610 2 0 |a zákazníci 
610 2 0 |a Lotus 1-2-3 
100 1 |a Lilien, Gary L.